000 01042nac a22003017a 4500
001 BR2012009195
003 BR-BrBNA
005 20240105123947.0
008 230509b bl.|||m| |||| 00| 0 por d
040 _aBR-BrBNA
_bpor
_cBiblioteca Nacional de Agricultura
072 _aF06; N20
090 _a2120 BR2012009195
100 1 _aMantovani, E.C.
100 1 _aSoares, A.R.
110 1 _aAssociação dos Engenheiros Agrícolas de Minas Gerais, Viçosa (Brasil)
_9584
245 1 _aIrrigação do cafeeiro: informações técnicas e coletânea de trabalhos
260 3 _aViçosa, MG (Brasil):
_c2003.
300 _a260p.
490 _aBoletim Técnico - Associação dos Engenheiros Agrícolas d Minas Gerais (Brazil)
_vno. 8
_xISSN 1518-9953
500 _aSeveral bibliography; 47 illus.
650 _aCAFÉ
650 _aIRRIGAÇÃO POR ASPERSÃO
650 _aAGRICULTURA SUSTENTÁVEL
650 _aPRODUTIVIDADE
650 _aRENTABILIDADE
909 _a202312
_bLúcia Elande
_c55
_dLúcia Elande
942 _2AGRIS
_n0
_cMS
999 _c297736
_d297736